Analysis of biomass cellulose in simultaneous saccharification and fermentation processes /
Salvato in:
| Autore principale: | |
|---|---|
| Altri autori: | , |
| Natura: | Articolo |
| Lingua: | English |
| Soggetti: | |
| Tags: |
Aggiungi Tag
Nessun Tag, puoi essere il primo ad aggiungerne! !
|
| Thư viện lưu trữ: | Thư viện Trường Đại học Đà Lạt |
|---|
| LEADER | 00957nam a2200313 4500 | ||
|---|---|---|---|
| 001 | DLU090090971 | ||
| 005 | ##20091201 | ||
| 040 | # | # | |a DLU |b eng |
| 041 | # | # | |a eng |
| 044 | # | # | |a us |
| 100 | # | # | |a Chung, Yun-Chin. |
| 245 | # | # | |a Analysis of biomass cellulose in simultaneous saccharification and fermentation processes / |c Yun-Chin Chung, Alan Bakalinsky, Michael H. Penner. |
| 653 | # | # | |a Cellulose |
| 653 | # | # | |a Fermentation |
| 653 | # | # | |a Lysing enzyme |
| 653 | # | # | |a Saccharification |
| 653 | # | # | |a Yeast |
| 700 | # | # | |a Bakalinsky, Alan. |
| 700 | # | # | |a Penner, Michael H. |
| 773 | # | # | |t Applied Biochemistry and Biotechnology |g Vol. 66, no. 3 (June 1997), p. 249-262 |
| 920 | # | # | |a Phòng Tạp chí -- Trung tâm Thông tin - Thư viện Trường Đại học Đà Lạt |
| 994 | # | # | |a DLU |
| 900 | # | # | |a True |
| 911 | # | # | |a Trương Bảo Trâm Anh |
| 925 | # | # | |a G |
| 926 | # | # | |a A |
| 927 | # | # | |a BB |
| 980 | # | # | |a Thư viện Trường Đại học Đà Lạt |